000 02099cam a22005414i 4500
003 PE-LiUPU
005 20250731170434.0
008 150623s r 000 0 d
035 _a(Sirsi) a29785
040 _aPE-LiUPU
_bspa
_cPE-LiUPU
_erda
082 0 4 _a189
_bS243h
_223
100 1 _aSaranyana, Josep-Ignasi,
_eautor.
245 1 0 _aHistoria de la Filosofía Medieval /
_cJosep-Ignasi Saranyana.
250 _aSegunda edición.
_bCorregida y aumentada.
264 1 _aPamplona :
_bEUNSA,
_c1989.
300 _a352 paginas ;
_c21 centímetros.
336 _atext
_2rdacontent
337 _aunmediated
_2rdamedia
338 _avolume
_2rdacarrier
490 0 _aLibros de iniciación religiosa.
505 _aCuestiones preliminares -- Los primeros momentos de la filosofía cristiana (Hasta el año 325) -- El esplendor de la filosofía patrística: de Nicea (325) al derrumbamiento del imperio romano de occidente (476) -- La transición del mundo antiguo al medieval (de comienzos del siglo VI al año 778) -- El renacimiento carolingio -- La dialéctica en el siglo XI -- Las escuelas urbanas -- La filosofía medieval árabe y judía -- La filosofía en la primera mitad del siglo XIII -- El apogeo de la filosofía escolástica -- La formación de las escuelas filosóficas (1280-1308) -- Los orígenes de la "Nueva vía" -- El renacimiento.
526 _aSEG68
526 _aSEG70
526 _aSEG69
526 _aSEG67
526 _aSEG43
526 _aP144
526 _aP143
526 _aP131
526 _aP122
526 _aP120
526 _aP117
526 _aP112
526 _aP110
526 _aP106
526 _aP101
526 _aP80
526 _aP59
526 _aP54
526 _aP35
526 _aP33
526 _aP30
650 1 4 _aFilosofía
_yEdad media
_xHistoria.
_95130
942 _2ddc
_cBK
949 _a189
_wDEWEY
_c1
_i37506
_lCCODEBUL1
_mBUL
_p00.00
_r0
_sY
_tBOOK
_u2015-06-24
_xBIBLIOTECA
_zUNKNOWN
_0COMPRA
_o.STAFF. Colección General
999 _c37172
_d37172
980 _81
_gALBERTO SANCHEZ Responsable de Automatización